000 01464nam a2200253Ia 4500
999 _c39700
_d39700
001 6303
003 GE_BSU
005 20191101123540.0
008 181216s2013||||ge |||||||||||||| ||geo||
020 _a9789941199509
040 _cGE_BSU
041 _ageo
080 _a821.353.1.092 ღ-70
245 _aღირსი შიო მღვიმელი და მისი სავანე :
_bღირსი ევაგრე; წმინდა ნეოფიტე ურბნელი; წმინდა არსენ იყალთოელი /
_cპროექტ. რედ.თამარ მამაცაშვილი; შემდგ. კახაბერ კენკიშვილი.
264 _aთბილისი :
_bპალიტრა L,
_c2013.
300 _a183 გვ.;
_b20 სმ.
500 _aიბეჭდება სრ. საქ. კათოლიკოს-პატრიარქის ილია II-ის ლოცვა-კურთხევით
653 _a წმინდანთა ცხოვრება
653 _a სამონასტრო ცხოვრება საქართველოში
653 _aრელიგია
700 _aკენკიშვილი, კახაბერ
_eშემდგენელი
_95214
700 _aმამაცაშვილი, თამარ
_eრედაქტორი
_95215
942 _cBK
_2udc